Carregant...

Hindi rangmanch:vividh aayam/

Dades bibliogràfiques
Autor principal: Rekha Gupta
Format: Printed Book
Idioma:Hindi
Publicat: Jaipur: Bohara Prakashan, c1996.
Matèries:
LEADER 00681nam a22001817a 4500
008 140827b xxu||||| |||| 00| 0 hin d
020 |a 8185234329  |c INR350.00 
100 |a Rekha Gupta 
245 |a Hindi rangmanch:vividh aayam/  |c Rekha Gupta 
260 |a Jaipur:  |b Bohara Prakashan,  |c c1996. 
300 |a 249p. 
546 |a In Hindi. 
650 0 |a Hindi-Drama Criticism 
653 |a Natak Alochana 
942 |2 ddc  |c BK 
999 |c 245567  |d 245567 
952 |0 0  |1 0  |4 0  |6 S_25  |7 0  |9 272519  |a HIN  |b HIN  |c S-25  |d 2012-07-17  |i 15983  |l 0  |o S-25  |p HIN15983  |r 2014-02-07  |w 2018-08-23  |y BK 
952 |0 0  |1 0  |4 0  |6 S_25  |7 0  |9 272520  |a HIN  |b HIN  |c S-25  |d 2015-04-28  |g 350.00  |i 19106  |l 0  |o S-25  |p HIN19106  |r 2015-04-28  |w 2015-04-28  |y BK